Statistics for 1M Cities Starting with S

Click here to take the quiz!

General Stats

  • This quiz has been taken 298 times
  • The average score is 32 of 54

Answer Stats

CityCountry% Correct
SydneyAustralia
95%
Sana'aYemen
94%
San FranciscoUnited States
94%
SantiagoChile
94%
StockholmSweden
94%
SingaporeSingapore
93%
San JoseCosta Rica
92%
Santo DomingoDominican Republic
92%
Sao PauloBrazil
92%
SeoulSouth Korea
91%
SofiaBulgaria
91%
San SalvadorEl Salvador
90%
Saint PetersburgRussia
88%
San DiegoUnited States
87%
San AntonioUnited States
82%
SeattleUnited States
82%
StuttgartGermany
82%
ShanghaiChina
81%
San JuanUnited States*
79%
SapporoJapan
78%
SevilleSpain
78%
SheffieldUnited Kingdom
78%
Saint LouisUnited States
72%
SacramentoUnited States
71%
SalvadorBrazil
70%
SouthamptonUnited Kingdom
68%
SurabayaIndonesia
68%
SuratIndia
57%
Santa CruzBolivia
56%
SamaraRussia
55%
ShenyangChina
55%
Salt Lake CityUnited States
53%
ShirazIran
51%
ShantouChina
45%
Sao LuisBrazil
41%
SousseTunisia
39%
San Pedro SulaHonduras
38%
StocktonUnited States
38%
SuzhouChina
37%
SendaiJapan
34%
SaratovRussia
33%
SemarangIndonesia
33%
San Miguel de TucumanArgentina
30%
SalemIndia
28%
San Luis PotosiMexico
27%
SantosBrazil
24%
ShijiazhuangChina
22%
SurakartaIndonesia
20%
SrinagarIndia
19%
ShizuokaJapan
15%
SolapurIndia
11%
SerangIndonesia
8%
SuqianChina
4%
ShaoyangChina
2%

Score Distribution

Percentile by Number Answered

Percent of People with Each Score

Your Score History

You have not taken this quiz